| 000 | 00607nam a2200121Ia 4500 | ||
|---|---|---|---|
| 008 | 220620s9999||||xx |||||||||||||| ||und|| | ||
| 100 | _aFischer, Veronique||Ruzhansky, Michael | ||
| 245 | 0 | _aQuantization on Nilpotent Lie Groups | |
| 546 | _aEnglish[eng] | ||
| 650 | _aTopological Groups, Lie Groups||Abstract Harmonic Analysis||Functional Analysis||Mathematical Physics | ||
| 856 | _uhttps://library.oapen.org/bitstream/20.500.12657/27971/1/1002028.pdf||https://library.oapen.org/bitstream/20.500.12657/27971/1/1002028.pdf||https://library.oapen.org/bitstream/20.500.12657/27971/1/1002028.pdf | ||
| 942 | _cEB | ||
| 999 |
_c31124 _d31124 |
||